000 00539nam a2200181Ia 4500
005 20250508151437.0
008 008 250505s9999 xx 000 0 eng d
037 _aTextual
040 _aFEDL
_beng
_cFEDL
041 _aeng
_2eng
084 _a374.973, BUR
_qFEDL
100 _aBurrell John Angus
_9759155
245 0 _aHistory of adult education at Columbia university
260 _aNew York, USA
_b Columbia University Press
_c1954
300 _ax,111p.
942 _cTEXL
_h374.973, BUR
999 _c1329837
_d1329837